Statistics for Final Fantasy 2

Click here to take the quiz!

General Stats

  • This quiz has been taken 19 times
  • The average score is 8 of 12

Answer Stats

HintAnswer% Correct
Who is the main characterFirion
100%
Who is the strong axe wielding guy who is a main characterGuy
93%
Who is the man who betrays you but later joins you, a main characterLeon
93%
Who is the main antagonist of the gameThe Emperor
93%
Who is the girl archer who is also a main characterMaria
87%
Who is the mechanic that resides in the city PoftCid
80%
Who is the white mage who save three main characters at the beginningMinwu
80%
Who is the old man who dies from a rolling boulderJosef
67%
Who is the princess at the beginning of the game, leader of the resistancePrincess Hilda
60%
What is the name of the empires big warship that lays waste to townsThe Dreadnought
40%
^ Who is the antagonist who kills himBorghen
33%
Who are the imperials that attack the four characters at the beginningThe black knights
20%

Score Distribution

Percentile by Number Answered

Percent of People with Each Score

Your Score History

You have not taken this quiz